000 00266nam a2200109Ia 4500
005 20251222154356.0
008 251222s9999||||xx |||||||||||||| ||spa||
082 _a150.195/F83
100 _a"Freud, Sigmund"
245 0 _aIntroducción al psicoanálisis
942 _cLIB
999 _c35114
_d35114